[Event "POL-chT DMP Ekstraliga 2019"]
[Site "Katowice"]
[Date "2019.08.30"]
[Round "3.24"]
[White "Zawadzka, Jolanta"]
[Black "Bartel, Marta"]
[Result "1-0"]
[WhiteElo "2407"]
[BlackElo "2244"]
[Annotator "NA"]
[PlyCount "53"]
[EventDate "2019.08.28"]
[EventType "team-tourn"]
[EventCountry "POL"]
[SourceTitle "playchess.com"]
[Source "ChessBase"]
[SourceQuality "1"]
[TimeControl "40/5400+30:1800+30"]

1. e4 {[%emt 0:01:26]} c5 {[%emt 0:00:00]} 2. Nf3 {[%emt 0:00:08]} Nc6 {[%emt 0:00:00]} 3. d4 {[%emt 0:00:06]} cxd4 {[%emt 0:00:00]} 4. Nxd4 {[%emt 0:00:05]} Nf6 {[%emt 0:00:02]} 5. Nc3 {[%emt 0:00:07]} d6 {[%emt 0:00:04]} 6. Bg5 {[%emt 0:00:13]} e6 {[%emt 0:00:13]} 7. Qd2 {[%emt 0:00:38]} a6 {[%emt 0:00:11]} 8. O-O-O {[%emt 0:00:45]} h6 {[%emt 0:00:06]} 9. Nxc6 {[%emt 0:06:40]} bxc6 {[%emt 0:00:05]} 10. Bf4 {[%emt 0:00:02]} d5 {[%emt 0:00:12]} 11. Qe3 {[%emt 0:08:50]} Bb4 {[%emt 0:00:19]} 12. a3 {[%emt 0:03:31]} Ba5 {[%emt 0:03:07]} 13. h4 {[%emt 0:04:30]} O-O {[%emt 0:18:05]} 14. e5 {[%emt 0:07:53]} Bb6 {[%emt 0:03:41]} 15. Qe2 {[%emt 0:15:24]} Nd7 {[%emt 0:02:51]} 16. g4 {[%emt 0:00:36]} f6 {[%emt 0:20:54]} 17. exf6 {[%emt 0:01:41]} Qxf6 {[%emt 0:13:42]} 18. Bg3 {[%emt 0:07:38]} e5 {[%emt 0:09:50]} 19. Bg2 {[%emt 0:04:23]} e4 {[%emt 0:04:06]} 20. g5 {[%emt 0:16:26]} hxg5 {[%emt 0:01:10]} 21. Nxe4 {[%emt 0:00:57]} dxe4 {[%emt 0:09:45]} 22. Rd6 {[%emt 0:00:58]} Qe7 {[%emt 0:03:56]} 23. Bxe4 {[%emt 0:01:51]} Rf7 {[%emt 0:02:30]} 24. Re6 {[%emt 0:02:32]} Qc5 {[%emt 0:04:17]} 25. Rxc6 {[%emt 0:04:46]} Qa5 {[%emt 0:02:00]} 26. Re6 {[%emt 0:05:01]} Nf8 {[%emt 0:01:05]} 27. Re5 {[%emt 0:00:37]} 1-0

[Event "POL-chT DMP Ekstraliga 2019"]
[Site "Katowice"]
[Date "2019.08.30"]
[Round "3.25"]
[White "Heberla, Bartlomiej"]
[Black "Piorun, Kacper"]
[Result "1/2-1/2"]
[WhiteElo "2552"]
[BlackElo "2660"]
[Annotator "TA"]
[PlyCount "35"]
[EventDate "2019.08.28"]
[EventType "team-tourn"]
[EventCountry "POL"]
[SourceTitle "playchess.com"]
[Source "ChessBase"]
[SourceQuality "1"]

{[%evp 9,25,0,6,0,0,0,0,5,9,-8,-2,-2,-2,0,-2,0,2,-8]} 1. d4 Nf6 2. c4 e6 3. Nc3 Bb4 4. Bd2 O-O 5. Nf3 c5 {The position is equal.} 6. a3 {E11: Bogo-Indian} (6. dxc5 Bxc5 7. g3 d5 8. cxd5 exd5 9. Bg2 h6 10. O-O a6 11. Na4 Ba7 12. Bb4 Re8 13. Bc5 Bxc5 14. Nxc5 {½-½ (49) Stern,R (2513)-Van Kampen,R (2607) Germany 2013}) 6... Bxc3 7. Bxc3 Ne4 8. Rc1 d6 9. e3 Nxc3 10. Rxc3 Qe7 11. b4 b6 12. Be2 Nd7 13. O-O {Predecessor:} Bb7 $146 14. Qc2 Nf6 15. Nd2 Rac8 16. Rc1 Rc7 17. Qb2 Ne4 18. Nxe4 {½-½ (18) Szabo,Z (2458)-Eperjesi,L (2370) Hungary 2000} 1/2-1/2

[Event "POL-chT DMP Ekstraliga 2019"]
[Site "Katowice"]
[Date "2019.08.30"]
[Round "3.26"]
[White "Bluebaum, Matthias"]
[Black "Maksimenko, Andrei"]
[Result "0-1"]
[WhiteElo "2619"]
[BlackElo "2468"]
[Annotator "TA"]
[PlyCount "117"]
[EventDate "2019.08.28"]
[EventType "team-tourn"]
[EventCountry "POL"]
[SourceTitle "playchess.com"]
[Source "ChessBase"]
[SourceQuality "1"]

{[%evp 15,117,22,18,23,21,20,46,36,43,27,28,17,28,14,18,12,47,44,33,39,32,12,28,0,0,0,0,0,11,0,0,0,0,0,0,0,0,0,0,0,0,0,0,0,10,0,0,0,0,0,0,0,6,0,8,0,0,0,0,0,0,0,0,0,0,0,8,8,8,8,8,8,23,22,22,22,25,25,26,22,12834,12844,12845,22,12847,12847,12833,12837,12825,10880,12848,1160,10885,7583,12835,12845,12804,12837,8407,12738,12164,12164,5424,5322]} 1. d4 d5 2. c4 c6 3. Nc3 Nf6 4. e3 e6 5. Nf3 a6 6. b3 Bb4 7. Bd2 Nbd7 8. Bd3 O-O 9. O-O {D45: Semi-Slav: 5 e3} Bd6 (9... Qe7 10. Qc2 {½-½ (10) Rakhmanov,A (2629)-Bartel,M (2600) Skopje 2019}) 10. Re1 dxc4 11. bxc4 {White is slightly better.} e5 12. c5 Bc7 13. Qc2 Re8 14. Rac1 $146 ({Predecessor:} 14. Bc4 h6 15. h3 e4 16. Nh2 b5 17. cxb6 Nxb6 {0-1 (29) Demetz,R-Borgo,G (2395) Ortisei 2012}) 14... h6 15. h3 exd4 16. exd4 Rxe1+ 17. Rxe1 Nf8 18. Qb3 Rb8 19. Bc4 (19. Qb1 {feels hotter.} Be6 20. Qc2 Nd5 21. Ne2 Qf6 22. Be4) 19... Be6 $1 20. Be3 Bxc4 21. Qxc4 Ne6 22. Rd1 Nd5 23. Nxd5 Qxd5 24. Qxd5 cxd5 25. Ne1 b6 26. Nd3 bxc5 27. dxc5 Kf8 28. f4 f5 29. Bd2 a5 30. Kf2 Rb5 31. Rc1 h5 32. Kf3 Nd4+ 33. Ke3 Ne6 34. Bc3 Ke8 35. Kf3 d4 36. Bd2 Kd7 37. g4 $1 {[%cal Rg4f5]} hxg4+ 38. hxg4 g6 39. c6+ Ke7 40. Rh1 fxg4+ 41. Kxg4 Rh5 $132 {[%mdl 2048] Black is not keeping still} 42. Rxh5 gxh5+ 43. Kxh5 $11 {[%mdl 4096] Endgame KBN-KBN} Kf6 44. Kg4 {Black must now prevent f5.} Nd8 45. f5 {Hoping for Bg5+.} Nxc6 46. Bg5+ Kf7 47. Kf3 Ne5+ $2 {[%mdl 8192]} (47... Bd8 $11 48. Bf4 Kf6) 48. Nxe5+ $1 $18 Bxe5 {KB-KB} 49. a4 $1 {aiming for Bd8.} Bf6 $2 {[%mdl 8192]} (49... Bc7 $11 50. Ke4 Bb6) 50. Bf4 $1 {[%cal Rf4c7] White is clearly winning.} Bd8 51. Ke4 Bb6 {[#]} 52. Bg5 $1 Kg7 53. Kd3 (53. Kd5 $142 Kf7 54. Kc6) 53... Kf7 54. Kc4 Kg7 55. Kb5 Bc7 {[#]} 56. Kc6 $1 {[%cal Rc6c7]} Bg3 57. Kd5 Bf2 58. Ke4 Kf7 59. Bd8 {[%mdl 32768] Accuracy: White = 74%, Black = 58%. . Loss on time!?} 0-1

[Event "POL-chT DMP Ekstraliga 2019"]
[Site "Katowice"]
[Date "2019.08.30"]
[Round "3.27"]
[White "Piesik, Piotr"]
[Black "Kanarek, Marcel"]
[Result "1/2-1/2"]
[WhiteElo "2409"]
[BlackElo "2493"]
[Annotator "ChessBase"]
[PlyCount "106"]
[EventDate "2019.08.28"]
[EventType "team-tourn"]
[EventCountry "POL"]
[SourceTitle "playchess.com"]
[Source "ChessBase"]
[SourceQuality "1"]
[TimeControl "40/5400+30:1800+30"]

1. Nf3 {[%emt 0:00:53]} Nf6 {[%emt 0:00:00]} 2. g3 {[%emt 0:00:14]} g6 {[%emt 0:00:00]} 3. b3 {[%emt 0:00:13]} Bg7 {[%emt 0:01:05]} 4. Bb2 {[%emt 0:00:07]} O-O {[%emt 0:01:23]} 5. Bg2 {[%emt 0:00:06]} d6 {[%emt 0:04:13]} 6. d4 {[%emt 0:00:26]} e5 {[%emt 0:17:48]} 7. dxe5 {[%emt 0:00:48]} Ng4 {[%emt 0:00:33]} 8. Nc3 {[%emt 0:02:06]} Nxe5 {[%emt 0:02:24]} 9. Qd2 {[%emt 0:02:10]} Nxf3+ {[%emt 0:19:05]} 10. Bxf3 {[%emt 0:00:49]} c6 {[%emt 0:00:06]} 11. O-O-O {[%emt 0:07:28]} d5 {[%emt 0:03:30]} 12. e4 {[%emt 0:07:31]} Qf6 {[%emt 0:19:31]} 13. Bg2 {[%emt 0:01:52]} d4 {[%emt 0:09:59]} 14. Na4 {[%emt 0:03:03]} Rd8 {[%emt 0:00:38]} 15. c3 {[%emt 0:08:10]} c5 {[%emt 0:01:00]} 16. Nxc5 {[%emt 0:18:13]} Qc6 {[%emt 0:00:18]} 17. cxd4 {[%emt 0:00:19]} b6 {[%emt 0:02:16]} 18. Rhg1 {[%emt 0:00:24]} bxc5 {[%emt 0:07:06]} 19. e5 {[%emt 0:00:10]} Rd5 {[%emt 0:05:50]} 20. Bxd5 {[%emt 0:16:11]} Qxd5 {[%emt 0:00:01]} 21. Qc3 {[%emt 0:03:06]} Nc6 {[%emt 0:02:33]} 22. dxc5 {[%emt 0:02:03]} Qe4 {[%emt 0:00:15]} 23. Rge1 {[%emt 0:03:15]} Qg2 {[%emt 0:00:09]} 24. Rd2 {[%emt 0:03:20]} Bf5 {[%emt 0:01:17]} 25. f4 {[%emt 0:01:11]} Qh3 {[%emt 0:00:06]} 26. Qf3 {[%emt 0:00:58]} Rc8 {[%emt 0:00:36]} 27. Bc3 {[%emt 0:00:42]} Bf8 {[%emt 0:00:56]} 28. Qe3 {[%emt 0:00:30]} a5 {[%emt 0:00:31]} 29. Kb2 {[%emt 0:01:18]} Be7 {[%emt 0:00:37]} 30. Rc1 {[%emt 0:03:03]} Be6 {[%emt 0:00:04]} 31. Ka1 {[%emt 0:04:05]} Qf5 {[%emt 0:00:45]} 32. Bb2 {[%emt 0:01:43]} a4 {[%emt 0:00:24]} 33. bxa4 {[%emt 0:01:27]} Ra8 {[%emt 0:00:19]} 34. g4 {[%emt 0:00:51]} Qxg4 {[%emt 0:00:30]} 35. Qe4 {[%emt 0:00:13]} Rc8 {[%emt 0:01:09]} 36. a5 {[%emt 0:00:42]} Nxa5 {[%emt 0:00:27]} 37. c6 {[%emt 0:00:36]} Nb3+ {[%emt 0:00:32]} 38. axb3 {[%emt 0:00:26]} Ra8+ {[%emt 0:00:05]} 39. Ba3 {[%emt 0:00:58]} Rxa3+ {[%emt 0:00:53]} 40. Ra2 {[%emt 0:00:00]} Qh3 {[%emt 0:00:00]} 41. Qc2 {[%emt 0:03:48]} Bf5 {[%emt 0:23:09]} 42. Qc3 {[%emt 0:08:58]} Rxa2+ {[%emt 0:02:31]} 43. Kxa2 {[%emt 0:00:06]} Qxh2+ {[%emt 0:00:26]} 44. Qb2 {[%emt 0:01:37]} Qxf4 {[%emt 0:02:28]} 45. c7 {[%emt 0:00:05]} Bc8 {[%emt 0:01:26]} 46. Rd1 {[%emt 0:02:22]} Kg7 {[%emt 0:00:43]} 47. Rd8 {[%emt 0:01:07]} Qf1 {[%emt 0:01:48]} 48. Rd4 {[%emt 0:08:01]} Qa6+ {[%emt 0:00:07]} 49. Ra4 {[%emt 0:00:04]} Qc6 {[%emt 0:00:43]} 50. Rc4 {[%emt 0:02:05]} Qa8+ {[%emt 0:00:16]} 51. Ra4 {[%emt 0:00:06]} Qc6 {[%emt 0:00:14]} 52. Rc4 {[%emt 0:00:35]} Qa8+ {[%emt 0:02:11]} 53. Ra4 {[%emt 0:00:11]} Qc6 {[%emt 0:00:05]} 1/2-1/2

[Event "POL-chT DMP Ekstraliga 2019"]
[Site "Katowice"]
[Date "2019.08.30"]
[Round "3.28"]
[White "Janik, Igor"]
[Black "Simantsev, Mikhail"]
[Result "0-1"]
[WhiteElo "2483"]
[BlackElo "2346"]
[Annotator "ChessBase"]
[PlyCount "136"]
[EventDate "2019.08.28"]
[EventType "team-tourn"]
[EventCountry "POL"]
[SourceTitle "playchess.com"]
[Source "ChessBase"]
[SourceQuality "1"]
[TimeControl "40/5400+30:1800+30"]

1. d4 {[%emt 0:00:00]} Nf6 {[%emt 0:00:00]} 2. c4 {[%emt 0:00:00]} e6 {[%emt 0:00:00]} 3. Nf3 {[%emt 0:00:00]} b6 {[%emt 0:00:01]} 4. g3 {[%emt 0:00:00]} Ba6 {[%emt 0:00:45]} 5. b3 {[%emt 0:00:06]} Bb4+ {[%emt 0:00:11]} 6. Bd2 {[%emt 0:00:10]} Be7 {[%emt 0:00:01]} 7. Nc3 {[%emt 0:00:09]} d5 {[%emt 0:00:32]} 8. cxd5 {[%emt 0:00:32]} exd5 {[%emt 0:00:01]} 9. Bg2 {[%emt 0:00:14]} O-O {[%emt 0:00:02]} 10. O-O {[%emt 0:00:13]} Re8 {[%emt 0:00:02]} 11. Rc1 {[%emt 0:04:27]} Nbd7 {[%emt 0:01:46]} 12. Ne5 {[%emt 0:03:39]} Bb7 {[%emt 0:00:22]} 13. Bg5 {[%emt 0:03:08]} h6 {[%emt 0:05:30]} 14. Nxd7 {[%emt 0:01:57]} Qxd7 {[%emt 0:25:14]} 15. Bxf6 {[%emt 0:00:08]} Bxf6 {[%emt 0:00:02]} 16. e3 {[%emt 0:00:10]} Be7 {[%emt 0:02:13]} 17. Qh5 {[%emt 0:02:47]} c6 {[%emt 0:08:57]} 18. Rc2 {[%emt 0:05:01]} Bb4 {[%emt 0:02:09]} 19. Ne2 {[%emt 0:04:52]} a5 {[%emt 0:05:39]} 20. a4 {[%emt 0:03:55]} Qe7 {[%emt 0:17:13]} 21. Nf4 {[%emt 0:03:16]} Rac8 {[%emt 0:01:19]} 22. Rfc1 {[%emt 0:03:08]} Ba3 {[%emt 0:07:45]} 23. Rd1 {[%emt 0:01:26]} Bd6 {[%emt 0:00:13]} 24. Qg4 {[%emt 0:02:03]} Rc7 25. Rdc1 {[%emt 0:00:14]} Bc8 {[%emt 0:03:47]} 26. Qh5 {[%emt 0:02:00]} Bb7 {[%emt 0:03:16]} 27. Bf1 {[%emt 0:01:20]} Rcc8 {[%emt 0:06:59]} 28. Qf5 {[%emt 0:05:16]} Rcd8 {[%emt 0:02:44]} 29. Bd3 {[%emt 0:00:51]} g6 {[%emt 0:00:21]} 30. Qh3 {[%emt 0:01:00]} Qg5 {[%emt 0:00:54]} 31. Qg2 {[%emt 0:01:26]} Ba3 {[%emt 0:02:19]} 32. h4 {[%emt 0:01:16]} Qf6 {[%emt 0:00:08]} 33. Ra1 {[%emt 0:00:55]} Bd6 {[%emt 0:00:01]} 34. Ne2 {[%emt 0:00:44]} c5 {[%emt 0:00:24]} 35. Rd1 {[%emt 0:02:06]} Ba8 {[%emt 0:01:06]} 36. Bb5 {[%emt 0:00:15]} Rf8 {[%emt 0:01:01]} 37. Rcd2 {[%emt 0:01:36]} Bb8 {[%emt 0:01:24]} 38. Nc3 {[%emt 0:04:06]} Kg7 {[%emt 0:01:14]} 39. Ne2 {[%emt 0:03:12]} Bd6 {[%emt 0:00:25]} 40. Qh1 {[%emt 0:00:00]} h5 {[%emt 0:00:00]} 41. Qh3 {[%emt 0:05:55]} Bb7 {[%emt 0:04:21]} 42. Qg2 {[%emt 0:02:56]} Ba8 {[%emt 0:02:58]} 43. Rc2 {[%emt 0:01:30]} Rc8 {[%emt 0:03:50]} 44. Bd7 {[%emt 0:03:50]} Rcd8 {[%emt 0:01:09]} 45. Bh3 {[%emt 0:00:13]} Rfe8 {[%emt 0:00:40]} 46. Qf1 {[%emt 0:01:11]} g5 {[%emt 0:02:26]} 47. hxg5 {[%emt 0:02:04]} Qxg5 {[%emt 0:02:58]} 48. Rc3 {[%emt 0:00:43]} Bb7 {[%emt 0:02:20]} 49. Qg2 {[%emt 0:00:53]} Ba6 50. Rc2 {[%emt 0:03:34]} c4 {[%emt 0:13:37]} 51. Rb1 {[%emt 0:03:10]} Qg6 {[%emt 0:00:29]} 52. Rcc1 {[%emt 0:01:36]} cxb3 {[%emt 0:00:24]} 53. Nc3 {[%emt 0:03:01]} Bc4 {[%emt 0:02:32]} 54. Nxd5 {[%emt 0:00:51]} Bd3 {[%emt 0:00:34]} 55. Nf4 {[%emt 0:01:53]} Bxf4 {[%emt 0:00:14]} 56. gxf4 {[%emt 0:00:06]} Bxb1 {[%emt 0:00:04]} 57. Rxb1 {[%emt 0:00:05]} b5 {[%emt 0:00:44]} 58. Rxb3 {[%emt 0:00:25]} b4 {[%emt 0:00:13]} 59. Kf1 {[%emt 0:02:15]} Qxg2+ {[%emt 0:00:38]} 60. Kxg2 {[%emt 0:00:48]} Re7 {[%emt 0:00:12]} 61. Kf3 {[%emt 0:02:10]} Rc7 {[%emt 0:00:04]} 62. Bf1 {[%emt 0:00:28]} Rc2 {[%emt 0:00:35]} 63. Rb1 {[%emt 0:01:17]} Rdc8 {[%emt 0:01:51]} 64. Bb5 {[%emt 0:00:26]} Rc1 {[%emt 0:01:14]} 65. Rb2 {[%emt 0:00:08]} R8c2 {[%emt 0:00:11]} 66. Rb3 {[%emt 0:00:01]} h4 {[%emt 0:00:44]} 67. Kg4 {[%emt 0:01:13]} Rg1+ {[%emt 0:00:19]} 68. Kxh4 {[%emt 0:01:25]} Rc8 {[%emt 0:00:33]} 0-1

[Event "POL-chT DMP Ekstraliga 2019"]
[Site "Katowice"]
[Date "2019.08.30"]
[Round "3.29"]
[White "Szustakowski, Antoni"]
[Black "Tomczak, Mikolaj"]
[Result "1/2-1/2"]
[WhiteElo "2256"]
[BlackElo "2432"]
[Annotator "NA"]
[PlyCount "41"]
[EventDate "2019.08.28"]
[EventType "team-tourn"]
[EventCountry "POL"]
[SourceTitle "playchess.com"]
[Source "ChessBase"]
[SourceQuality "1"]
[TimeControl "40/5400+30:1800+30"]

1. d4 {[%emt 0:00:00]} d5 {[%emt 0:00:00]} 2. c4 {[%emt 0:00:00]} e6 {[%emt 0:00:00]} 3. Nc3 {[%emt 0:00:00]} Be7 {[%emt 0:00:13]} 4. Nf3 {[%emt 0:01:15]} Nf6 {[%emt 0:00:07]} 5. Bf4 {[%emt 0:02:17]} O-O {[%emt 0:00:16]} 6. e3 {[%emt 0:00:02]} Nbd7 {[%emt 0:03:30]} 7. c5 {[%emt 0:00:10]} Nh5 {[%emt 0:01:07]} 8. Bd3 {[%emt 0:00:50]} Nxf4 {[%emt 0:03:57]} 9. exf4 {[%emt 0:00:19]} c6 {[%emt 0:01:11]} 10. Qc2 {[%emt 0:09:22]} g6 {[%emt 0:06:49]} 11. O-O {[%emt 0:05:18]} b6 {[%emt 0:00:07]} 12. b4 {[%emt 0:00:05]} a5 {[%emt 0:00:11]} 13. a3 {[%emt 0:00:05]} Qc7 {[%emt 0:00:30]} 14. Ne5 {[%emt 0:01:42]} Nxe5 {[%emt 0:01:59]} 15. fxe5 {[%emt 0:04:42]} Ba6 {[%emt 0:00:30]} 16. Na4 {[%emt 0:06:14]} axb4 {[%emt 0:14:26]} 17. Bxa6 {[%emt 0:16:08]} bxc5 {[%emt 0:07:11]} 18. Nxc5 {[%emt 0:09:40]} Bxc5 {[%emt 0:01:11]} 19. Qxc5 {[%emt 0:00:10]} Rxa6 {[%emt 0:00:07]} 20. axb4 {[%emt 0:00:03]} Rb6 {[%emt 0:04:40]} 21. g3 {[%emt 0:09:37]} 1/2-1/2

[Event "POL-chT DMP Ekstraliga 2019"]
[Site "Katowice"]
[Date "2019.08.30"]
[Round "3.30"]
[White "Cyfka, Karina"]
[Black "Antolak, Julia"]
[Result "1-0"]
[WhiteElo "2413"]
[BlackElo "2240"]
[Annotator "NA"]
[PlyCount "77"]
[EventDate "2019.08.28"]
[EventType "team-tourn"]
[EventCountry "POL"]
[SourceTitle "playchess.com"]
[Source "ChessBase"]
[SourceQuality "1"]
[TimeControl "40/5400+30:1800+30"]

1. d4 {[%emt 0:00:00]} d5 {[%emt 0:00:00]} 2. c4 {[%emt 0:00:30]} dxc4 {[%emt 0:00:00]} 3. Nf3 {[%emt 0:03:31]} Nf6 {[%emt 0:00:03]} 4. e3 {[%emt 0:00:45]} g6 {[%emt 0:00:13]} 5. Bxc4 {[%emt 0:00:57]} Bg7 {[%emt 0:00:07]} 6. O-O {[%emt 0:02:37]} O-O {[%emt 0:00:07]} 7. Nc3 {[%emt 0:01:16]} Nfd7 {[%emt 0:00:12]} 8. e4 {[%emt 0:06:55]} Nb6 {[%emt 0:00:11]} 9. Be2 {[%emt 0:01:58]} Bg4 {[%emt 0:00:20]} 10. Be3 {[%emt 0:04:08]} Nc6 {[%emt 0:00:53]} 11. d5 {[%emt 0:03:25]} Bxf3 {[%emt 0:01:24]} 12. Bxf3 {[%emt 0:02:14]} Ne5 {[%emt 0:00:07]} 13. Be2 {[%emt 0:02:26]} c6 {[%emt 0:00:16]} 14. Qb3 {[%emt 0:01:38]} cxd5 {[%emt 0:08:07]} 15. Nxd5 {[%emt 0:18:20]} Nxd5 {[%emt 0:02:49]} 16. exd5 {[%emt 0:00:05]} b6 {[%emt 0:04:10]} 17. Rac1 {[%emt 0:02:59]} Rc8 {[%emt 0:09:01]} 18. Rxc8 {[%emt 0:03:56]} Qxc8 {[%emt 0:00:07]} 19. h3 {[%emt 0:00:09]} Rd8 {[%emt 0:08:59]} 20. Rc1 {[%emt 0:02:03]} Qb8 {[%emt 0:07:34]} 21. Qb5 {[%emt 0:03:20]} Nd7 {[%emt 0:12:41]} 22. b4 {[%emt 0:03:25]} Nf6 {[%emt 0:05:08]} 23. Bf3 {[%emt 0:00:32]} Qe5 {[%emt 0:02:14]} 24. Qc4 {[%emt 0:01:45]} Ne8 {[%emt 0:09:56]} 25. Qc6 {[%emt 0:04:08]} Qb8 {[%emt 0:08:59]} 26. g3 {[%emt 0:01:17]} Be5 {[%emt 0:00:13]} 27. Kg2 {[%emt 0:00:51]} Ng7 {[%emt 0:02:04]} 28. g4 {[%emt 0:04:19]} Ne8 {[%emt 0:01:05]} 29. Qc4 {[%emt 0:03:17]} Qd6 {[%emt 0:02:09]} 30. a4 {[%emt 0:00:54]} Nf6 {[%emt 0:04:55]} 31. Rd1 {[%emt 0:03:29]} Qd7 {[%emt 0:03:08]} 32. a5 {[%emt 0:00:09]} Rc8 {[%emt 0:01:46]} 33. Qa6 {[%emt 0:04:18]} bxa5 {[%emt 0:01:18]} 34. bxa5 {[%emt 0:00:22]} Bb8 {[%emt 0:00:10]} 35. g5 {[%emt 0:01:58]} Nxd5 {[%emt 0:02:19]} 36. Rxd5 {[%emt 0:03:32]} Qc7 {[%emt 0:00:04]} 37. Bf4 {[%emt 0:01:18]} Qxf4 {[%emt 0:00:36]} 38. Qxc8+ {[%emt 0:00:06]} Kg7 {[%emt 0:00:03]} 39. Qc3+ {[%emt 0:01:08]} 1-0

[Event "POL-chT DMP Ekstraliga 2019"]
[Site "Katowice"]
[Date "2019.08.31"]
[Round "4.1"]
[White "Mista, Aleksander"]
[Black "Piorun, Kacper"]
[Result "0-1"]
[WhiteElo "2599"]
[BlackElo "2660"]
[Annotator "TA"]
[PlyCount "82"]
[EventDate "2019.08.28"]
[EventType "team-tourn"]
[EventCountry "POL"]
[SourceTitle "playchess.com"]
[Source "ChessBase"]
[SourceQuality "1"]

{[%evp 16,82,25,12,23,5,0,0,0,0,8,-7,-8,-13,0,-24,-20,-38,-41,-49,-45,-45,-18,-99,-99,-99,-99,-98,-94,-124,-120,-216,-208,-212,-209,-181,-195,-193,-130,-127,-127,-119,-122,-123,-83,-280,-281,-273,-271,-274,-267,-275,-275,-277,-275,-276,-251,-317,-316,-298,-294,-424,-415,-545,-525,-551,-543,-535,-528]} 1. e4 e5 2. Nf3 Nc6 3. Bb5 Nf6 4. O-O Nxe4 5. Re1 Nd6 6. Nxe5 Be7 7. Bf1 Nxe5 8. Rxe5 O-O 9. d4 Ne8 {C67: Ruy Lopez: Berlin Defence: 4 0-0 Nxe4} 10. c3 (10. c4 Bf6 11. Re1 d5 12. cxd5 Qxd5 13. Be3 Be6 14. Nc3 Qd8 15. d5 Bf5 16. Bd4 Nd6 17. h3 a6 18. a4 Re8 19. Rxe8+ Nxe8 20. a5 Bxd4 21. Qxd4 Qe7 22. Qd2 {½-½ (22) Giri,A (2779)-Nakamura,H (2754) Paris 2019}) 10... d5 11. Qf3 c6 {The position is equal.} 12. Re1 $146 ({Predecessor:} 12. Bf4 Bd6 13. Re3 Qf6 14. Bxd6 Qxf3 15. Rxf3 Nxd6 16. Re3 Bf5 17. Nd2 {½-½ (31) Siniauski,A (2219)-Strybuk,A (2294) Kobrin 2019}) 12... Nc7 13. Bd3 Ne6 14. Nd2 Bd6 15. Nf1 (15. Bc2 {looks sharper.} Ng5 16. Qd3 f5 17. Nf3 Nxf3+ 18. Qxf3 f4 19. Qh5) 15... f5 16. Qh3 Qf6 17. g3 Bd7 18. f4 Rae8 19. Be3 (19. Ne3 $1 $11 {keeps the balance.}) 19... g5 $17 20. fxg5 Nxg5 21. Bxg5 Qxg5 22. Qg2 Kh8 23. Nd2 (23. Kh1 $17) 23... f4 24. Nf3 Qh5 {aiming for ...Rxe1+.} 25. Rxe8 Rxe8 26. Re1 {[#]} Rxe1+ (26... Rf8 $1 $19 {...fxg3 is the strong threat.} 27. Ne5 fxg3 28. hxg3 Bxe5 {[%mdl 64] Overworked Piece} 29. Rxe5 Qd1+ {[%mdl 64] Double Attack} 30. Bf1 Bg4) 27. Nxe1 fxg3 28. hxg3 Qg5 29. Kf2 Bg4 30. Qh1 $2 {[#]} (30. Nf3 $17 Qc1 31. Qf1 Qxb2+ {[%mdl 64] Double Attack} 32. Ke3) 30... Qd2+ $1 $19 31. Kf1 {[%csl Gd3][%cal Rh1h7]} h5 32. Qg2 Qe3 33. Qf2 Bh3+ ({Don't play} 33... Qxg3 34. Qf6+ Kg8 35. Bg6 $17) 34. Kg1 Qxg3+ 35. Qxg3 Bxg3 {[%mdl 4096] Endgame KBB-KBN} 36. Nc2 Kg7 37. Ne3 Kf6 38. a4 (38. c4 {was necessary.}) 38... Kg5 39. Ng2 Bf5 {Black is clearly winning.} 40. Bf1 h4 41. Ne3 Be6 {Accuracy: White = 41%, Black = 86%.} 0-1

[Event "POL-chT DMP Ekstraliga 2019"]
[Site "Katowice"]
[Date "2019.08.31"]
[Round "4.2"]
[White "Bluebaum, Matthias"]
[Black "Moranda, Wojciech"]
[Result "1-0"]
[WhiteElo "2619"]
[BlackElo "2597"]
[Annotator "TA"]
[PlyCount "36"]
[EventDate "2019.08.28"]
[EventType "team-tourn"]
[EventCountry "POL"]
[SourceTitle "playchess.com"]
[Source "ChessBase"]
[SourceQuality "1"]

{[%evp 18,36,35,28,36,14,16,5,21,16,12,10,18,12,12,16,21,13,11,0,0]} 1. d4 Nf6 2. c4 e5 3. dxe5 Ng4 4. Bf4 Nc6 5. Nf3 Bb4+ 6. Nbd2 Qe7 7. e3 Ngxe5 8. Nxe5 Nxe5 9. Be2 d6 10. O-O a5 {[%cal Ba7a5,Ba5a4][%mdl 32] A52: Budapest Gambit} 11. Nb3 (11. Nb1 Be6 12. a3 Bc5 13. Nc3 Nxc4 14. b4 Bb6 15. Nd5 Bxd5 16. Qxd5 Ne5 17. Bb5+ Nd7 18. Qxb7 {1-0 (41) Gupta,A (2632)-Moskalenko,V (2528) Al Ain 2014}) 11... a4 {The position is equal.} 12. a3 Bc3 13. Qc2 Bxb2 $1 14. Qxb2 {[#] Nd4 is the strong threat.} axb3 15. c5 Be6 $1 16. cxd6 cxd6 17. Bxe5 dxe5 18. Bd1 $146 ({Predecessor:} 18. Bb5+) 18... Bc4 {[%mdl 32768] Loss on time!?} 1-0